000 00648nam a2200217Ia 4500
003 OSt
005 20260219093037.0
008 210210b2003 xxu||||| |||| 00| 0 eng d
020 _a81 7713 120 6
040 _cAL
041 _aKannada
082 _aK894.108 SHRI
100 _aSHRINATH (C N).
_9205016
_dಶ್ರೀನಾಥ (ಸಿ ಎನ್ )
245 _aEnglish kavitegalu.
_bಇಂಗ್ಲಿಷ್ ಕವಿತೆಗಳು
260 _aBengaluru
_bKannada Pustaka Pradhikara
_c2003
300 _ax,94
650 _aEnglish Poetry translation
_9205017
690 _aKannada Poetry
_9205018
906 _aSG03987
942 _2ddc
_cRST
999 _c114890
_d114890